| 000 | 00661nam a2200205 a 4500 | ||
|---|---|---|---|
| 001 | 12914 | ||
| 003 | BD-JhCC | ||
| 005 | 20230603201833.0 | ||
| 008 | 230603s2018 b |||| |||| 000 0 b d | ||
| 020 | _a9789849350293 | ||
| 035 | _a(BD-JhCC)12914 | ||
| 040 |
_aBD-JhCC _dBD-JhCC |
||
| 041 | _aben | ||
| 082 |
_a928 _bHAS 2018 |
||
| 100 | _aহাসান, শেখ মেহেদী | ||
| 245 |
_aকীর্তিমানের কথা / _cশেখ মেহেদী হাসান |
||
| 260 |
_aঢাকা : _bআলোঘর প্রকাশনা, _c২০২৮ |
||
| 300 |
_a১৭৫ পৃ. : _c২২ সে.মি. |
||
| 942 |
_2ddc _cBK |
||
| 999 |
_c12914 _d12914 |
||